Medicinal Chemistry-1 (Record no. 8788)
[ view plain ]
| 000 -LEADER | |
|---|---|
| fixed length control field | 00346nam a22001457a 4500 |
| 003 - CONTROL NUMBER IDENTIFIER | |
| control field | OSt |
| 008 - FIXED-LENGTH DATA ELEMENTS--GENERAL INFORMATION | |
| fixed length control field | 200710b ||||| |||| 00| 0 eng d |
| 082 ## - DEWEY DECIMAL CLASSIFICATION NUMBER | |
| Classification number | 615.19 NAM |
| 100 ## - MAIN ENTRY--PERSONAL NAME | |
| Personal name | Navajji , Chandrashekhar |
| 245 ## - TITLE STATEMENT | |
| Title | Medicinal Chemistry-1 |
| 260 ## - PUBLICATION, DISTRIBUTION, ETC. (IMPRINT) | |
| Place of publication, distribution, etc | New Delhi |
| Name of publisher, distributor, etc | Nirali |
| 300 ## - PHYSICAL DESCRIPTION | |
| Extent | 5.34 |
| 650 ## - SUBJECT ADDED ENTRY--TOPICAL TERM | |
| Topical term or geographic name as entry element | Medicinal Chemistry |
| 942 ## - ADDED ENTRY ELEMENTS (KOHA) | |
| Source of classification or shelving scheme | Dewey Decimal Classification |
| Koha item type | Text Books |
| 942 ## - ADDED ENTRY ELEMENTS (KOHA) | |
| -- | 8 |
| Withdrawn status | Lost status | Source of classification or shelving scheme | Damaged status | Not for loan | Collection code | Home library | Current library | Date acquired | Source of acquisition | Currency | Cost, normal purchase price | Bill Number | Total Checkouts | Full call number | Acc. no. / Barcode | Date last seen | Actual Cost, discounted price | Bill Date | Koha item type | Date last borrowed |
|---|---|---|---|---|---|---|---|---|---|---|---|---|---|---|---|---|---|---|---|---|
| Dewey Decimal Classification | B.Pharma | PIET C-LIBRARY | PIET C-LIBRARY | 01/02/2020 | Kirti Publisher | In Rupees | 170.00 | IN6233 | 615.19 NAM | BP1079 | 10/07/2020 | 125.80 | 01/02/2020 | Reference Books | ||||||
| Dewey Decimal Classification | B.Pharma | PIET C-LIBRARY | PIET C-LIBRARY | 01/02/2020 | Kirti Publisher | In Rupees | 170.00 | IN6233 | 13 | 615.19 NAM | BP1080 | 09/01/2025 | 125.80 | 01/02/2020 | Text Books | 27/12/2024 | ||||
| Dewey Decimal Classification | B.Pharma | PIET C-LIBRARY | PIET C-LIBRARY | 01/02/2020 | Kirti Publisher | In Rupees | 170.00 | IN6233 | 11 | 615.19 NAM | BP1081 | 06/02/2026 | 125.80 | 01/02/2020 | Text Books | 22/01/2026 |